|
|
|
|
| LEADER |
00799nam a2200181Ia 4500 |
| 001 |
CTU_30119 |
| 008 |
210402s9999 xx 000 0 und d |
| 082 |
|
|
|a 630.715
|
| 082 |
|
|
|b C307
|
| 100 |
|
|
|a CIRAD (Centre de coopération internationale en recherche agronomique pour le développement) 1992
|
| 245 |
|
0 |
|a CIRAD (Centre de coopération internationale en recherche agronomique pour le développement) 1992
|
| 245 |
|
0 |
|c CIRAD (Centre de coopération internationale en recherche agronomique pour le développement) 1992; Dịch giả: Mira Shah-Fischer
|
| 260 |
|
|
|a France
|
| 260 |
|
|
|b Service central d'information scientifique et technique
|
| 260 |
|
|
|c 1993
|
| 650 |
|
|
|a agriculture - research
|
| 904 |
|
|
|i Liên, 990304
|
| 980 |
|
|
|a Trung tâm Học liệu Trường Đại học Cần Thơ
|